Statistics for Lion King Trivia

Click here to take the quiz!

General Stats

  • This quiz has been taken 5,200 times
    (5,191 since last reset)
  • The average score is 11 of 17

Answer Stats

Hint Answer % Correct
Who didn't come to the presentation of Simba?Scar
99%
Who was Mufasa's son?Simba
99%
Who murdered Mufasa?Scar
99%
Who is Simba's uncle?Scar
99%
What was Pumbbaa and Timon's motto?Hakuna Matata
88%
Who is Kiara's mother?Nala
85%
What was the love song in the first Lion King movie?Can you feel the love tonight
85%
Who did Scar first think Simba was when he appeared?Mufasa
78%
Who is Simba's daughter?Kiara
76%
Who wrote the song "Can you feel the Love tonight"?Elton John and Tim Rice
67%
Who did Zira send to spy on Simba?Kovu
51%
Who is Simba's mother?Sarabi
48%
What did Mufasa's ghost say to Simba?Remember who you are
35%
Why does Zira hate Simba?She believed he killed Scar, and he banished Zira and her pride to the Outlands
31%
What was the first song in The Lion King II?He Lives in You
18%
Why did Kovu refuse to hurt Simba?Because he loved Kiara
16%
What was the love song in Lion King II?Love will find a Way
12%

Score Distribution

Percentile by Number Answered

Percent of People with Each Score

Your Score History

You have not taken this quiz since the last reset